000 00525nam a22001937a 4500
999 _c6724
_d6724
003 OSt
005 20200309163441.0
008 200309b ||||| |||| 00| 0 eng d
020 _a0486689220
040 _cDDC
082 _a515 SHI 1996
100 _aShilov, Georgi E.; Silverman, Richard A.
_913811
245 _aElementary Real and Complex Analysis
260 _aNew York;
_bDover,
_c1996
300 _axi,516p;
_bIll:
_c21.5cm
504 _aIndex included
650 _aMathematical analysis
_92757
942 _2z
_cO_SHELF